书目信息 |
| 题名: |
从零开始学画画
|
|
| 作者: | 藤原辉枝 著 ;葛培媛 译 | |
| 分册: | 彩色铅笔画入门 | |
| 出版信息: | 南京 江苏凤凰文艺出版社 2021.2 |
|
| 页数: | 115页 | |
| 开本: | 21cm | |
| 丛书名: | ||
| 单 册: | ||
| 中图分类: | J21 , J214.1 | |
| 科图分类: | ||
| 主题词: | 绘画技法 , 铅笔画--绘画技法 | |
| 电子资源: | ||
| ISBN: | 978-7-5594-4399-1 | |
| 000 | 01155nam 2200313 45 | |
| 001 | 012001000881 | |
| 005 | 20130910081429.0 | |
| 010 | @a978-7-5594-4399-1@dCNY48.00 | |
| 099 | @aCAL 012020029367 | |
| 100 | @a20200325d2020 em y0chiy0110 ea | |
| 101 | 1 | @achi@cjpn |
| 102 | @aCN@b320000 | |
| 105 | @aa z 000yy | |
| 106 | @ar | |
| 200 | 1 | @a从零开始学画画@Acong ling kai shi xue hua hua@i彩色铅笔画入门@f(日) 藤原辉枝著@g葛培媛译 |
| 210 | @a南京@c江苏凤凰文艺出版社@d2021.2 | |
| 215 | @a115页@c彩图@d21cm | |
| 300 | @a其他题名:彩色铅笔画入门 | |
| 314 | @a藤原辉枝, 自由插画师。 | |
| 330 | @a本书主要介绍各式各样的插画及画法, 重点围绕“感受色彩的乐趣”展开。从最简单的12色铅笔入手, 然后慢慢增加其他颜色。我们的重点不在于“逼真”, 而是关注色彩的丰富性, 挑选自己中意的颜色, 随心所欲地进行创作。想用什么颜色, 就选什么颜色。想涂成什么样, 就涂成什么样。 | |
| 517 | 1 | @a彩色铅笔画入门 |
| 606 | 0 | @a绘画技法 |
| 606 | 0 | @a铅笔画@x绘画技法 |
| 690 | @aJ21@v5 | |
| 690 | @aJ214.1@v5 | |
| 701 | 0 | @a藤原辉枝@Ateng yuan hui zhi@4著 |
| 702 | 0 | @a葛培媛@Age pei yuan@4译 |
| 801 | @aCN@b江苏凤凰@c20211018 | |
| 905 | @b1341392-5@dJ21@e1262@f4 | |
| 从零开始学画画.彩色铅笔画入门/(日) 藤原辉枝著/葛培媛译.-南京:江苏凤凰文艺出版社,2021.2 |
| 115页:彩图;21cm |
| 其他题名:彩色铅笔画入门 |
| ISBN 978-7-5594-4399-1:CNY48.00 |
| 本书主要介绍各式各样的插画及画法, 重点围绕“感受色彩的乐趣”展开。从最简单的12色铅笔入手, 然后慢慢增加其他颜色。我们的重点不在于“逼真”, 而是关注色彩的丰富性, 挑选自己中意的颜色, 随心所欲地进行创作。想用什么颜色, 就选什么颜色。想涂成什么样, 就涂成什么样。 |
| ● |
| 相关链接 |
|
|
|
|
正题名:从零开始学画画
索取号:J21/1262
 
预约/预借
| 序号 | 登录号 | 条形码 | 馆藏地/架位号 | 状态 | 备注 |
| 1 | 1341392 | 213413929 | 第一样本阅览室/ [索取号:J21/1262] | 在馆 | |
| 2 | 1341393 | 213413938 | 第一借阅区/ [索取号:J21/1262] | 在馆 | |
| 3 | 1341394 | 213413947 | 第一借阅区/ [索取号:J21/1262] | 在馆 | |
| 4 | 1341395 | 213413956 | 第一借阅区/ [索取号:J21/1262] | 在馆 |